000 00459nam a22001817a 4500
999 _c6390
_d6388
005 20210904102913.0
008 200521b xxu||||| |||| 00| 0 eng d
020 _a8189530119
041 _aeng
082 _a346.42 BAN
100 _aBangia,Dr R.K
_96867
245 _aContract-I (Law of Contract-I with Specific Relief Act.
250 _a7'th
260 _aFaridabad
_bAllahabad Law Agency
_c2017
300 _a604p.
650 _aLAW
_95701
942 _cBK